000 01034nam a2200277Ia 4500
008 191130s2009##################000#0#eng##
020 _a9780521894920
022 _a2008045474
040 _aACL
_cACL
082 _a338.04 ACS
245 _aEntrepreneurship, growth, and public policy
_cedited by Zoltan J. Acs, David B. Audretsch, Robert J. Strom
260 _aCambridge
_bCambridge University Press
_c2009
300 _aix, 353 p. : ill. ; 24 cm
500 _aIncludes bibliographical reference and index
650 _aEconomic development - Congresses
650 _aEntrepreneurship - Congresses
650 _aIndustrial policy - Congresses
650 _aTechnological innovations - Economic aspects - Congresses
700 _aÁcs, Zoltán J
700 _aAudretsch, David B
700 _aStrom, Robert J
710 _aKauffman-Max Planck Summit on Enterpreneurship Research and Policy (1st : 2006 : Munich, Germany)
990 _a33cf8839ac10000c077c470520b56af2
991 _a152574
999 _c257411
_d257411